000 00592nam a2200229Ia 4500
003 OSt
005 20230511140143.0
008 210423s2012 xx 000 0 und d
020 _a978-93-80748-25-2
040 _cAL
041 _aeng
082 _a363.73 SHUG
100 _aSHUKLA (Satya Prakash)
_9103019
245 _aGreen chemistry
260 _aNew Delhi
_bMohit Books International
_c2012
300 _av,304p
_bHB
365 _b2500
_cINR
650 _aEnvironmental Problems
_9103020
650 _aSocial Problems
_9103021
906 _achemistry ; Green
942 _2ddc
_cBK
999 _c165987
_d165987